| 000 | 01239cab a2200253 4500 | ||
|---|---|---|---|
| 001 | ABS67410 | ||
| 008 | 040203n2004 000 0 eng u | ||
| 035 | _a(Sirsi) u125008 | ||
| 100 | _aMcConnell, T. | ||
| 245 | _aSpecial report: call centres | ||
| 260 | _c2004 | ||
| 490 |
_aProperty Week _v68(1/2) 9 January 2004, 53-56(4) |
||
| 520 | _aReports on the health of the UK call centre industry. With companies increasingly outsourcing business to India, the UK call centre sector is struggling. The threat to call centres also threatens government programme of regeneration and job creation. Government has stepped into help with plans to commission independent reseach into the UK's competitiveness globally. Article includes regional data on average staff per centre, call centre sizes call centre employment and a map of UK contact centre locations. Also lists a guide to some of the companies staying in the UK and going to India. | ||
| 590 | _aABS | ||
| 650 | _aCALL CENTRES | ||
| 650 | _aINDIA | ||
| 650 | _aEMPLOYMENT | ||
| 650 | _aJOB LOSSES | ||
| 650 | _aOUTSOURCING | ||
| 650 | _aECONOMIC DOWNTURN | ||
| 650 | _aSERVICE SECTOR | ||
| 690 | _aPROPERTY-COMMERCIAL PROPERTY-COMMERCIAL PROPERTY MARKET | ||
| 942 | _n0 | ||
| 999 |
_c74108 _d74108 |
||